Algo sobre Clarín y sus paliques / (Record no. 62677)

MARC details
000 -LEADER
campo de control de longitud fija 00842nam a2200217 i 4500
001 - NÚMERO DE CONTROL
campo de control 62677
003 - IDENTIFICADOR DE NÚMERO DE CONTROL
campo de control ES-MaACL
005 - FECHA Y HORA DE LA ÚLTIMA TRANSACCIÓN
campo de control 20230906164718.0
007 - CAMPO FIJO DE DESCRIPCIÓN FÍSICA--INFORMACIÓN GENERAL
campo de control de longitud fija t|
008 - DATOS DE LONGITUD FIJA--INFORMACIÓN GENERAL
campo de control de longitud fija 031124s1963 sp |||| | spa d
100 1# - ENTRADA PRINCIPAL--NOMBRE DE PERSONA
Nombre de persona Fernández Avello, Manuel.
9 (RLIN) 49490
245 10 - MENCIÓN DEL TÍTULO
Título Algo sobre Clarín y sus paliques /
Mención de responsabilidad, etc. Manuel Fernández Avello, discurso leído... en el acto de su solemne recepción académica... contestación de Antonio García Oliveros.
260 ## - PUBLICACIÓN, DISTRIBUCIÓN, ETC.
Lugar de publicación, distribución, etc. Oviedo :
Nombre del editor, distribuidor, etc. [s.n.,
Fecha de publicación, distribución, etc. 1963] (
Fabricante "La Cruz")
300 ## - DESCRIPCIÓN FÍSICA
Extensión 40 p. ;
Dimensiones 25 cm.
500 ## - NOTA GENERAL
Nota general Precede al tít.: Diputación de Asturias, Instituto de Estudios Asturianos.
600 14 - PUNTO DE ACCESO ADICIONAL DE MATERIA--NOMBRE DE PERSONA
Nombre de persona Alas, Leopoldo
Fechas asociadas al nombre 1852-1901
9 (RLIN) 226375
700 1# - ENTRADA AGREGADA--NOMBRE PERSONAL
Nombre de persona García Oliveros, Antonio.
9 (RLIN) 55046
710 2# - ENTRADA AGREGADA--NOMBRE DE ENTIDAD CORPORATIVA
Nombre de entidad corporativa o nombre de jurisdicción como elemento de entrada Instituto de Estudios Asturianos.
9 (RLIN) 4889
852 ## - LOCALIZACIÓN
Ubicación ES-MaACL
Número de control de estantería 2031-F-3
Holdings
Estatus retirado Estado de pérdida Estado de daño No para préstamo Colección Biblioteca de origen Biblioteca actual Ubicación en estantería Fecha de adquisición Fuente de adquisición Total de préstamos Signatura topográfica completa Código de barras Visto por última vez Precio de reemplazo Tipo de ítem Koha
        Colección de folletos Biblioteca del Ateneo de Madrid Biblioteca del Ateneo de Madrid Depósito folletos 17/01/2008     2031-F-3 1065708 23/02/2023 23/02/2023 Folleto